| 000 | 01504cam a2200397 a 4500 | ||
|---|---|---|---|
| 999 |
_c29388 _d29359 |
||
| 001 | 16108792 | ||
| 003 | EG-ScBUE | ||
| 005 | 20210823114551.0 | ||
| 008 | 100226t2007 nyua f 000 0 eng d | ||
| 020 | _a9780071258470 | ||
| 020 | _a0071258477 | ||
| 035 | _a(OCoLC)ocm52902076 | ||
| 040 |
_aQI9 _beng _erda _cQI9 _dIBI _dOCLCG _dDLC _dEG-ScBUE |
||
| 082 | 0 | 4 |
_a428.7 _bBLA _222 |
| 100 | 1 |
_aBlass, Laurie, _d1952- _eauthor. |
|
| 245 | 1 | 0 |
_aMosaic : _bacademic essay development. _n2, _pWriting / _cLaurie Blass, Meredith Pike-Baky ; Lawrence J. Zwier, contributor, focus on testing. |
| 246 | 3 | 4 | _aWriting |
| 250 | _aSilver edition. | ||
| 264 | 1 |
_aNew York : _bMcGraw-Hill, _c[2007] |
|
| 264 | 4 | _cc2007 | |
| 300 |
_axvii, 195 pages : _billustrations ; _c26 cm |
||
| 336 |
_2rdacontent _atext _btxt |
||
| 337 |
_2rdamedia _aunmediated _bn |
||
| 338 |
_2rdacarrier _avolume _bnc |
||
| 650 | 7 |
_aEnglish language _xTextbooks for foreign speakers. _2BUEsh |
|
| 650 | 7 |
_aEnglish language _xRhetoric _xProblems, exercises, etc. _2BUEsh |
|
| 650 | 7 |
_aReport writing _xProblems, exercises, etc. _2BUEsh |
|
| 653 |
_bHHUUEENN _cAugust2021 |
||
| 655 |
_vReading book _934232 |
||
| 700 | 1 |
_aPike-Baky, Meredith, _d1948- _eauthor. _econtributor. |
|
| 700 | 1 |
_aZwier, Lawrence J., _econtributor. |
|
| 906 |
_a7 _bcbc _ccopycat _d2 _encip _f20 _gy-gencatlg |
||
| 942 |
_2ddc _cBB |
||